Pays du monde contenant deux T - Statistiques

Statistiques générales
  • Ce quiz a été pris 313 fois
  • Le résultat moyen est 4 sur 9
Statistiques - réponses
Pays % Correct
Trinité-et-Tobago
59%
Turkménistan
54%
Tadjikistan
53%
Saint-Christophe-et-Niévès
52%
Saint-Vincent-et-les-Grenadines
50%
Lettonie
47%
États-Unis
43%
Timor Oriental
28%
Liechtenstein
22%
Aucun quiz correspondant
Distribution des résultats
% des personnes avec chaque résultat
Percentile par nombre de réponses
Votre historique - résultats
Vous n’avez pas pris ce quiz